World Rally Championship: Top 3 in Manufacturers' Championship - Statistics

General Stats
  • This quiz has been taken 339 times
    258 since last reset
  • The average score is 139 of 153
Answer Stats
Year Manufacturer % Correct
1st 2007 Ford
98%
1st 2006 Ford
98%
1st 1979 Ford
98%
2nd 2012 Ford
98%
2nd 2011 Ford
98%
2nd 2010 Ford
98%
2nd 2009 Ford
98%
2nd 2008 Ford
98%
2nd 2004 Ford
98%
2nd 2002 Ford
98%
2nd 2001 Ford
98%
2nd 2000 Ford
98%
2nd 1997 Ford
98%
2nd 1993 Ford
98%
2nd 1988 Ford
98%
2nd 1978 Ford
98%
2nd 1977 Ford
98%
3rd 2005 Ford
98%
3rd 1996 Ford
98%
3rd 1995 Ford
98%
3rd 1994 Ford
98%
3rd 1992 Ford
98%
3rd 1981 Ford
98%
3rd 1980 Ford
98%
3rd 1976 Ford
98%
3rd 1974 Ford
98%
3rd 1973 Ford
98%
3rd 2014 M-Sport
98%
3rd 2013 M-Sport
98%
1st 2017 M-Sport Ford
98%
3rd 2023 M-Sport Ford
98%
3rd 2022 M-Sport Ford
98%
3rd 2021 M-Sport Ford
98%
3rd 2020 M-Sport Ford
98%
3rd 2018 M-Sport Ford
98%
3rd 2012 M-Sport Ford
98%
3rd 2011 M-Sport Ford
98%
3rd 2009 M-Sport Ford
98%
1st 2023 Toyota
98%
1st 2022 Toyota
98%
1st 2021 Toyota
98%
1st 2018 Toyota
98%
1st 1999 Toyota
98%
1st 1994 Toyota
98%
1st 1993 Toyota
98%
2nd 2020 Toyota
98%
2nd 2019 Toyota
98%
2nd 1998 Toyota
98%
2nd 1992 Toyota
98%
2nd 1991 Toyota
98%
2nd 1990 Toyota
98%
2nd 1989 Toyota
98%
3rd 2017 Toyota
98%
3rd 1977 Toyota
98%
1st 2012 Citroën
97%
1st 2011 Citroën
97%
1st 2010 Citroën
97%
1st 2009 Citroën
97%
1st 2008 Citroën
97%
1st 2005 Citroën
97%
1st 2004 Citroën
97%
1st 2003 Citroën
97%
2nd 2015 Citroën
97%
2nd 2014 Citroën
97%
2nd 2013 Citroën
97%
2nd 2007 Citroën
97%
2nd 2006 Citroën
97%
3rd 2019 Citroën
97%
3rd 2010 Citroën Junior
97%
1st 2020 Hyundai
96%
1st 2019 Hyundai
96%
2nd 2023 Hyundai
96%
2nd 2022 Hyundai
96%
2nd 2021 Hyundai
96%
2nd 2018 Hyundai
96%
2nd 2017 Hyundai
96%
2nd 2016 Hyundai
96%
3rd 2015 Hyundai
96%
1st 2002 Peugeot
96%
1st 2001 Peugeot
96%
1st 2000 Peugeot
96%
1st 1986 Peugeot
96%
1st 1985 Peugeot
96%
2nd 2005 Peugeot
96%
2nd 2003 Peugeot
96%
3rd 1984 Peugeot
96%
1st 1984 Audi
94%
1st 1982 Audi
94%
2nd 1987 Audi
94%
2nd 1985 Audi
94%
2nd 1983 Audi
94%
3rd 1988 Audi
94%
1st 1997 Subaru
94%
1st 1996 Subaru
94%
1st 1995 Subaru
94%
2nd 1999 Subaru
94%
2nd 1994 Subaru
94%
3rd 2008 Subaru
94%
3rd 2007 Subaru
94%
3rd 2006 Subaru
94%
3rd 2004 Subaru
94%
3rd 2003 Subaru
94%
3rd 2002 Subaru
94%
3rd 2000 Subaru
94%
3rd 1998 Subaru
94%
3rd 1993 Subaru
94%
1st 1992 Lancia
92%
1st 1991 Lancia
92%
1st 1990 Lancia
92%
1st 1989 Lancia
92%
1st 1988 Lancia
92%
1st 1987 Lancia
92%
1st 1983 Lancia
92%
1st 1976 Lancia
92%
1st 1975 Lancia
92%
1st 1974 Lancia
92%
2nd 1986 Lancia
92%
2nd 1984 Lancia
92%
3rd 1985 Lancia
92%
1st 2016 Volkswagen
92%
1st 2015 Volkswagen
92%
1st 2014 Volkswagen
92%
1st 2013 Volkswagen
92%
3rd 1986 Volkswagen
92%
1st 1998 Mitsubishi
88%
2nd 1996 Mitsubishi
88%
2nd 1995 Mitsubishi
88%
3rd 2001 Mitsubishi
88%
3rd 1999 Mitsubishi
88%
3rd 1997 Mitsubishi
88%
3rd 1991 Mitsubishi
88%
3rd 1990 Mitsubishi
88%
1st 1980 Fiat
80%
1st 1978 Fiat
80%
1st 1977 Fiat
80%
2nd 1975 Fiat
80%
2nd 1974 Fiat
80%
2nd 1973 Fiat
80%
3rd 1979 Fiat
80%
1st 1973 Alpine-Renault
77%
3rd 1975 Alpine-Renault
77%
3rd 1987 Renault
75%
3rd 2016 Volkswagen II
61%
2nd 1982 Opel
58%
2nd 1976 Opel
58%
3rd 1983 Opel
58%
3rd 1978 Opel
58%
1st 1981 Talbot
46%
3rd 1982 Nissan
39%
3rd 1989 Mazda
29%
2nd 1981 Datsun
18%
2nd 1980 Datsun
18%
2nd 1979 Datsun
18%
No matching quizzes found
Score Distribution
Percent of People with Each Score
Percentile by Number Answered
Your Score History
You have not taken this quiz since the last reset